| 000 | 00420nam a2200181Ia 4500 | ||
|---|---|---|---|
| 005 | 20250603145234.0 | ||
| 008 | 250603s9999 xx 000 0 und d | ||
| 020 | _a435900625 | ||
| 050 | _aPR 6065 .K5 L3/ | ||
| 100 | _aOkigbo, Christopher | ||
| 245 | 0 | _aLabyrinths with path of thunder | |
| 260 | _aLagos | ||
| 260 | _b Apex Books Limited | ||
| 260 | _c2008 | ||
| 300 | _a66 p | ||
| 650 | _aLagos | ||
| 942 | _cBK | ||
| 999 |
_c41280 _d41280 |
||